| 000 | 01458cam a2200385 a 4500 | ||
|---|---|---|---|
| 001 | 1295 | ||
| 005 | 20230811121317.0 | ||
| 008 | 120329s2012 nyu c 000 1 eng | ||
| 020 | _a9780316201575 (hardback) | ||
| 020 | _a9780316453936 (paperback) | ||
| 020 | _a9780545647939 | ||
| 040 |
_aDLC _cDLC _dDLC _beng |
||
| 050 | 0 | 0 |
_aPZ7.C677474 _bWi 2012 |
| 082 | 0 | 0 |
_a[Fic] _223 |
| 100 | 1 |
_aColfer, Chris, _d1990- |
|
| 245 | 1 | 4 |
_aThe wishing spell / _cChris Colfer ; illustrated by Brandon Dorman. |
| 260 |
_aNew York : _bScholastic, _c2013 |
||
| 300 |
_a438 pages _c20 cm |
||
| 490 | 0 |
_aThe Land of Stories _vVolume 1 |
|
| 505 | _aM | ||
| 520 | _a"Through the mysterious powers of a cherished book of stories, twins Alex and Conner leave their world behind and find themselves in a foreign land full of wonder and magic where they come face-to-face with the fairy tale characters they grew up reading about"-- | ||
| 521 |
_a720
_bLexile |
||
| 521 |
_aM
_bRaz-Plus |
||
| 650 | 1 |
_aFairy tales _vFiction. |
|
| 650 | 1 |
_aCharacters in literature _vFiction. |
|
| 650 | 1 |
_aMagic _vFiction. |
|
| 650 | 1 |
_aSiblings _vFiction. |
|
| 650 | 1 |
_aTwins _vFiction. |
|
| 650 | 1 | _aYouths' writings. | |
| 650 | 7 |
_aJUVENILE FICTION / Fairy Tales & Folklore / General. _2bisacsh |
|
| 650 | 7 |
_aJUVENILE FICTION / Fantasy & Magic. _2bisacsh |
|
| 700 | 1 |
_aDorman, Brandon _eillustrator |
|
| 906 |
_a7 _bcbc _corignew _d1 _eecip _f20 _gy-gencatlg |
||
| 942 |
_2ddc _cBK _n0 |
||
| 999 |
_c1295 _d1295 |
||